000 01113nmm a2200325 a 4500
001 ocm0002347764
003 TR-IsHL
005 20201028190248.0
008 191224s2019 tu tur
007 cr cn
020 _a9786052815366
035 _a2347764
_b(N$T)
050 0 4 _aJF60
_b.K36 2019
090 0 4 _aJF60
_b.K36 2019
100 1 _aKanadıkırık, Halil
245 1 0 _aRusya ve İran'da klasik imparatorluk ve siyasal modernleşme: Patrimonyalizm perspektifinden bir inceleme
_h[electronic resource] /
_cHalil Kanadıkırık
250 _a1. Baskı
260 _aİstanbul :
_bHiperyayın,
_c2019
300 _a312 p.
500 _aKaynakça sayfa: 277-312
650 4 _aSosyoloji
650 4 _aSociology
650 0 _aPatrimonyalizm
650 0 _aRusya
_x Siyaset ve yönetim
650 0 _aRussian
_x Politics and government
650 0 _aİran
_x Siyaset ve yönetim
650 0 _aIran
_x Politics and government
650 7 _aHISTORY / Middle East / General
_2bisacsh
856 4 0 _uhttp://search.ebscohost.com/login.aspx?direct=true&scope=site&db=e011xww&AN=2347764
999 _c21837
_d21837